Statystyki dla Władcy Austrii

Kliknij tutaj aby rozwiązać quiz!

Ogólne statystyki

  • Ten quiz został rozwiązany 9 razy
  • Średni wynik to 16 z 54

Statystyki odpowiedzi

HintOdpowiedź% Poprawnych
1848-1916Franciszek Józef I
100%
1835-1848Ferdynand I Dobrotliwy
78%
1916-1918Karol I Habsburg
78%
1657-1705Leopold VI Habsburg
78%
1493-1519Maksymilian I Habsburg
78%
1711-1740Karol VI Habsburg
67%
1564-1576Maksymilian II Habsburg
67%
1740-1780Maria Teresa Habsburg
67%
1521-1564Ferdynand I Habsburg
56%
1619-1637Ferdynand III Habsburg
56%
1619-1657Ferdynand IV Habsburg
56%
1792-1835Franciszek II (I) Habsburg
56%
1740-1765Franciszek I Stefan Lotaryński
56%
1705-1711Józef I Habsburg
56%
1780-1790Józef II Habsburg
56%
1519-1521Karol I Habsburg
56%
1790-1792Leopold VII Habsburg
56%
1608-1619Maciej I Habsburg
44%
1276-1282Rudolf I Habsburg
33%
1576-1608Rudolf V Habsburg
33%
1339-1344Leopold II
22%
1365-1379Leopold III Habsburg
22%
1308-1326Leopold I Sławny
22%
1177-1194Leopold V Cnotliwy
22%
1251-1276Przemysł II Ottokar
22%
1282-1283Rudolf II Habsburg
22%
1298-1307Rudolf III Habsburg
22%
1358-1365Rudolf IV Założyciel
22%
1440-1457Władysław Pogrobowiec
22%
1282-1308Albrecht I Habsburg
11%
1365-1395Albrecht III Habsburg
11%
1330-1358Albrecht II Kulawy
11%
1395-1404Albrecht IV Habsburg
11%
1404-1439Albrecht V Habsburg
11%
1457-1493Fryderyk V Habsburg
11%
1141-1177Henryk II Jasomirgott
11%
994-1018Henryk I Mocny
11%
976-994Leopold I Dostojny
11%
1075-1095Leopold II Piękny
11%
1137-1141Leopold IV Szczodry
11%
1198-1230Leopold VI Sławny
11%
1485-1490Maciej Korwin
11%
1330-1339Otto Wesoły
11%
1136-1137Adalbert II Pobożny
0%
1018-1055Adalbert I Zwycięski
0%
1055-1075Ernest I Mężny
0%
1250-1268Fryderyk I Badeński
0%
1194-1198Fryderyk I Chrześcijanin
0%
1339-1344Fryderyk II
0%
1230-1246Fryderyk II Bitny
0%
1308-1330Fryderyk I Piękny
0%
1248-1250Herman VI Badeński
0%
1095-1136Leopold III Święty
0%
1246-1247Władysław II
0%

Rozkład punktacji

Percentyl według liczby udzielonych odpowiedzi

Procent ludzi z każdym wynikiem

Twoja historia wyników

Nie rozwiązałeś tego quizu